Pinsapo 5. Conocimiento del medio. Guía didáctica. Andalucía

Salvato in:
Dettagli Bibliografici
Autore principale: Batllori, R y otros Gómez Rodríguez, E Prado, Javier de
Natura: Sconosciuto
Lingua:spagnolo
Pubblicazione: Sevilla Bruño 1994
Catalogo:MANES:  Risultati della ricerca del catalogo della biblioteca
Libro di testo Classificazione:
Tags: Aggiungi Tag
Nessun Tag, puoi essere il primo ad aggiungerne!!
Aggiunto a:2016-04-26
Cambiato in:2021-01-26

MARC

LEADER 000000000a22000000004500
001 03934
003 OSt
005 20210127043950.0
008 160427s sp ||||| |||| 00| 0 spa d
999 |c 9908  |d 9908 
040 |c centro_manes 
100 1 |a Batllori, R y otros  |9 629  |a Gómez Rodríguez, E  |9 683  |a Prado, Javier de  |9 631 
245 0 0 |a Pinsapo 5. Conocimiento del medio. Guía didáctica. Andalucía 
260 3 |a Sevilla  |b Bruño  |c 1994 
300 |a 122 p.  |c 29x21 cm 
500 |a Fecha de publicación tomada del Depósito Legal 
546 |a España 
690 7 |a CN 
690 0 |a CS 
691 7 |a PRI 
942 |2 ddc  |c BK 
999 |c manes:9908  |d 9908